[Event "San Cristobal de La Laguna op-A 6th"]
[Site "San Cristobal de La Laguna"]
[Date "2024.08.30"]
[Round "8"]
[White "Hewitt, William"]
[Black "Han, Qixiang"]
[Result "0-1"]
[WhiteElo "1977"]
[BlackElo "1998"]
[PlyCount "96"]
[EventDate "2024.08.24"]
[EventType "swiss"]
[EventRounds "9"]
[EventCountry "ESP"]
[SourceTitle "CBM 221 Extra"]
[Source "ChessBase"]
[SourceDate "2024.09.30"]
[SourceVersion "1"]
[SourceVersionDate "2024.09.30"]
[SourceQuality "1"]

1. e4 c5 2. Nf3 g6 3. d4 cxd4 4. Nxd4 Nc6 5. c4 Bg7 6. Be3 Nf6 7. Nc3 Ng4 8. Qxg4 Nxd4 9. Qd1 Ne6 10. Rc1 0-0 11. Qd2 b6 12. Bd3 Bb7 13. b4 Nd4 14. 0-0 Nc6 15. a3 Ne5 16. f3 Nxd3 17. Qxd3 d6 18. Rfd1 Rc8 19. Nb5 Ra8 20. Bd4 Bh6 21. Be3 Bg7 22. Bd4 a6 23. Bxg7 Kxg7 24. Nc3 Kg8 25. Nd5 a5 26. Qb3 Bxd5 27. cxd5 b5 28. Rc6 axb4 29. axb4 Qd7 30. Qe3 Ra4 31. Rb1 Rb8 32. h4 Ra2 33. Rbc1 Qe8 34. e5 dxe5 35. Qxe5 Rba8 36. Rc7 R2a7 37. d6 Rxc7 38. dxc7 Qd7 39. Qc5 Rc8 40. h5 Kg7 41. hxg6 hxg6 42. Rc2 Qd1+ 43. Kf2 Qd7 44. Kg1 f6 45. Kf2 Kf7 46. Rc1 Qd2+ 47. Kg1 e5 48. Rc2 Qe1+ 0-1

[Event "Bruges op"]
[Site "Bruges"]
[Date "2024.08.11"]
[Round "2"]
[White "Nemegeer, Arne"]
[Black "Han, Qixiang"]
[Result "1-0"]
[WhiteElo "2222"]
[BlackElo "1998"]
[PlyCount "117"]
[EventDate "2024.08.10"]
[EventType "swiss"]
[EventRounds "9"]
[EventCountry "BEL"]
[SourceTitle "CBM 221 Extra"]
[Source "ChessBase"]
[SourceDate "2024.09.30"]
[SourceVersion "1"]
[SourceVersionDate "2024.09.30"]
[SourceQuality "1"]

1. e4 c5 2. Nf3 g6 3. d4 cxd4 4. Nxd4 Bg7 5. c4 Nc6 6. Be3 Nf6 7. Nc3 Ng4 8. Qxg4 Nxd4 9. Qd1 Nc6 10. Be2 d6 11. 0-0 0-0 12. Qd2 Be6 13. f3 a6 14. Rfd1 Rc8 15. Rac1 Qa5 16. b3 Rfe8 17. f4 Qb4 18. Qd3 Qa5 19. Qd2 Qb4 20. Qd3 Qa5 21. Na4 Nb8 22. Nb6 Rc6 23. Na4 Rec8 24. Bd2 Qd8 25. Bf3 b5 26. cxb5 Rxc1 27. Rxc1 Rxc1+ 28. Bxc1 Qa5 29. Bd2 Qxb5 30. Qxb5 axb5 31. Nc3 b4 32. Ne2 Na6 33. Kf2 f5 34. Ke3 fxe4 35. Bxe4 Bd7 36. Bd3 Nc7 37. Bc4+ d5 38. Bd3 Bg4 39. Bxb4 d4+ 40. Kd2 Kf8 41. Bc4 Bh6 42. h3 Bxe2 43. Kxe2 Bxf4 44. Kd3 Ke8 45. Kxd4 Kd7 46. a4 Kc6 47. Bxe7 g5 48. b4 h5 49. b5+ Kb7 50. Bb4 g4 51. hxg4 hxg4 52. a5 Bh2 53. Ke4 Ne8 54. Bd5+ Kb8 55. Kf5 Bc7 56. b6 Bd8 57. Kg6 g3 58. Kf7 Nc7 59. Bd6 1-0

[Event "Peterborough 4NCL Easter op-A"]
[Site "Peterborough"]
[Date "2024.03.30"]
[Round "2"]
[White "White, Stuart A"]
[Black "Han, Qixiang"]
[Result "0-1"]
[WhiteElo "2020"]
[BlackElo "1874"]
[PlyCount "79"]
[EventDate "2024.03.29"]
[EventType "swiss"]
[EventRounds "7"]
[EventCountry "ENG"]
[SourceTitle "CBM 219 Extra"]
[Source "ChessBase"]
[SourceDate "2024.05.31"]
[SourceVersion "1"]
[SourceVersionDate "2024.05.31"]
[SourceQuality "1"]

1. c4 c6 2. g3 d5 3. Nf3 Nf6 4. Bg2 dxc4 5. 0-0 Nbd7 6. Qc2 Nb6 7. Na3 Be6 8. Ne5 g6 9. Naxc4 Nxc4 10. Nxc4 Bg7 11. b3 0-0 12. Bb2 a5 13. Rfd1 Nd5 14. d4 Nb6 15. Ne5 a4 16. e4 Nd7 17. Nd3 axb3 18. axb3 Qb6 19. b4 Rxa1 20. Bxa1 Ra8 21. Qc3 Qa6 22. Nc5 Nxc5 23. bxc5 Qa4 24. Rb1 Rd8 25. Qb4 Ra8 26. Bc3 Qc2 27. Qxb7 Ra2 28. Qb8+ Bf8 29. Be1 Bc4 30. Qb4 Bd3 31. Rb3 Ra1 32. Ra3 Rb1 33. Qa5 Qd1 34. Bf1 Bxe4 35. Re3 Qxd4 36. Bc3 Qd1 37. Qa6 Qd5 38. Qe2 Bf5 39. Re5 Bd3 40. Rf5 0-1

[Event "Peterborough 4NCL Easter op-A"]
[Site "Peterborough"]
[Date "2024.03.29"]
[Round "1"]
[White "Han, Qixiang"]
[Black "Chan, Sheng Liang Bernard"]
[Result "0-1"]
[WhiteElo "1874"]
[BlackElo "2082"]
[PlyCount "154"]
[EventDate "2024.03.29"]
[EventType "swiss"]
[EventRounds "7"]
[EventCountry "ENG"]
[SourceTitle "CBM 219 Extra"]
[Source "ChessBase"]
[SourceDate "2024.05.31"]
[SourceVersion "1"]
[SourceVersionDate "2024.05.31"]
[SourceQuality "1"]

1. d4 Nf6 2. c4 e6 3. g3 c5 4. d5 exd5 5. cxd5 d6 6. Nc3 g6 7. Bg2 Bg7 8. Nf3 0-0 9. 0-0 Re8 10. Bf4 Bf5 11. Nh4 Bc8 12. Nf3 a6 13. a4 h6 14. h4 Ne4 15. Nxe4 Rxe4 16. Nd2 Rb4 17. Ra2 Qe7 18. b3 Nd7 19. Nc4 Ne5 20. Nxe5 Bxe5 21. Bxe5 Qxe5 22. Rd2 Bg4 23. Re1 Re8 24. Kf1 Qc3 25. Rd3 Qb2 26. f3 Bd7 27. e4 c4 28. bxc4 Bxa4 29. Qc1 Qxc1 30. Rxc1 Rc8 31. Rdc3 Rbxc4 32. Rxc4 Rxc4 33. Rxc4 Bb5 34. Ke1 Bxc4 35. f4 f6 36. e5 fxe5 37. fxe5 dxe5 38. d6 Kf8 39. Bxb7 Ke8 40. Bc6+ Kd8 41. Kd2 Bb5 42. Be4 g5 43. hxg5 hxg5 44. Bf5 a5 45. Ke3 Bc6 46. Be6 a4 47. Kd3 Bd7 48. Bc4 Bf5+ 49. Ke3 a3 50. g4 Bb1 51. Be6 Bg6 52. Kf3 Bd3 53. Ke3 Bc2 54. Kd2 Ba4 55. Ke3 Bd7 56. Ba2 Bxg4 57. Ke4 Bh3 58. Kxe5 g4 59. Kf4 Kd7 60. Kg3 Kxd6 61. Kf4 Kc5 62. Kg3 Kd4 63. Kf2 Kc3 64. Kg3 Kb2 65. Bc4 a2 66. Bxa2 Kxa2 67. Kf4 Kb3 68. Ke4 Kc2 69. Ke3 Kd1 70. Kd3 Ke1 71. Ke3 Kf1 72. Kf4 Kf2 73. Kg5 g3 74. Kh4 g2 75. Kxh3 g1Q 76. Kh4 Qg6 77. Kh3 Qg3# 0-1

[Event "Scarborough op"]
[Site "Scarborough"]
[Date "2023.10.29"]
[Round "4"]
[White "Han, Qixiang"]
[Black "Karumazondo, Ernest"]
[Result "0-1"]
[WhiteElo "1671"]
[BlackElo "1934"]
[PlyCount "110"]
[EventDate "2023.10.27"]
[EventType "swiss"]
[EventRounds "5"]
[EventCountry "ENG"]
[SourceTitle "CBM 217 Extra"]
[Source "ChessBase"]
[SourceDate "2024.01.31"]
[SourceVersion "1"]
[SourceVersionDate "2024.01.31"]
[SourceQuality "1"]

1. b3 Nf6 2. Bb2 g6 3. Nf3 Bg7 4. g3 0-0 5. Bg2 c5 6. c4 Nc6 7. 0-0 d6 8. d4 cxd4 9. Nxd4 Bd7 10. Nd2 Rc8 11. N2f3 Qa5 12. a3 a6 13. Rc1 Rfd8 14. Re1 Qh5 15. e4 Bg4 16. Qd3 Ne5 17. Qc3 Nxf3+ 18. Nxf3 Ne8 19. e5 b5 20. Qd3 dxe5 21. Qe3 e4 22. Nd4 e5 23. Nc2 Bh6 24. Qxe4 Bf5 25. Qxe5 Bg7 26. Qf4 Bxb2 27. Ne3 Bxc1 28. Rxc1 Qe2 29. g4 Be6 30. Bf3 Qb2 31. Re1 Qxb3 32. Nd5 Qxc4 33. Ne7+ Kf8 34. Qg5 Rc5 35. Nxg6+ hxg6 36. Qxd8 Qf4 37. Bg2 Rc1 38. Qa5 Qa4 39. Qd2 Rxe1+ 40. Qxe1 Qxa3 41. Bc6 Qd6 42. Qc1 Nf6 43. g5 Nh5 44. Bf3 Nf4 45. Qa1 Kg8 46. h4 Qd3 47. Bh1 Ne2+ 48. Kf1 Nc1+ 49. Kg1 Ne2+ 50. Kf1 Ng3+ 51. Kg1 Nxh1 52. Kxh1 Qh3+ 53. Kg1 Bd5 54. f3 Qg3+ 55. Kf1 Bc4# 0-1

[Event "Daventry 4NCL Easter op-B 3rd"]
[Site "Daventry"]
[Date "2023.04.09"]
[Round "5"]
[White "Han, Qixiang"]
[Black "Tart, Peter K"]
[Result "0-1"]
[WhiteElo "1365"]
[BlackElo "1856"]
[PlyCount "150"]
[EventDate "2023.04.07"]
[EventType "swiss"]
[EventRounds "7"]
[EventCountry "ENG"]
[SourceTitle "EXT 2024"]
[Source "ChessBase"]
[SourceDate "2023.10.10"]
[SourceVersion "1"]
[SourceVersionDate "2023.10.10"]
[SourceQuality "1"]

1. b3 e5 2. Bb2 Nc6 3. c4 Nf6 4. e3 d5 5. cxd5 Nxd5 6. Nf3 Bd6 7. Bc4 Be6 8. a3 0-0 9. Qc2 Qe7 10. 0-0 Nf6 11. Bxe6 Qxe6 12. d3 Nd7 13. Nbd2 Rfe8 14. Nc4 Bf8 15. Rfd1 Rad8 16. d4 exd4 17. Nxd4 Nxd4 18. Rxd4 b5 19. Nd2 c5 20. Rh4 Qg6 21. Qxg6 hxg6 22. Re4 Nf6 23. Rxe8 Rxe8 24. Rc1 Rd8 25. Nf1 Ne4 26. Rc2 Rd3 27. f3 Nd6 28. Rc3 Rxc3 29. Bxc3 c4 30. b4 f5 31. Nd2 Be7 32. Kf2 Bf6 33. Nb1 Kf7 34. h3 Ke6 35. g4 Nc8 36. Bxf6 gxf6 37. Nc3 Nd6 38. h4 fxg4 39. fxg4 f5 40. gxf5+ gxf5 41. Kf3 Ke5 42. h5 a6 43. h6 Nf7 44. a4 bxa4 45. Nxa4 Nxh6 46. Nc3 Nf7 47. b5 axb5 48. Nxb5 Ng5+ 49. Ke2 Ne4 50. Na3 Nd6 51. Kd2 Ke4 52. Nc2 Nb5 53. Nb4 c3+ 54. Ke2 Na3 55. Na2 Nb1 56. Nc1 c2 57. Nb3 Na3 58. Nd2+ Kd5 59. Nb3 Kc4 60. Nc1 Kc3 61. Kf3 Nc4 62. Kf4 Nd6 63. Ke5 Kd2 64. Nb3+ Kxe3 65. Kxd6 f4 66. Kd5 f3 67. Kc4 f2 68. Kc3 f1Q 69. Kxc2 Qc4+ 70. Kb2 Kd3 71. Nc1+ Kd2 72. Nb3+ Kd1 73. Ka1 Kc2 74. Nc1 Qc3+ 75. Ka2 Qb2# 0-1

[Event "Oxted op"]
[Site "Oxted"]
[Date "2022.11.13"]
[Round "5"]
[White "Chan, Kim Yew"]
[Black "Han, Qixiang"]
[Result "1-0"]
[WhiteElo "2312"]
[BlackElo "1476"]
[PlyCount "133"]
[EventDate "2022.11.12"]
[EventType "swiss"]
[EventRounds "5"]
[EventCountry "ENG"]
[SourceTitle "CBM 211 Extra"]
[Source "ChessBase"]
[SourceDate "2023.01.31"]
[SourceVersion "1"]
[SourceVersionDate "2023.01.31"]
[SourceQuality "1"]

1. Nf3 d5 2. c4 e6 3. g3 Nf6 4. Bg2 c6 5. 0-0 Bd6 6. d4 0-0 7. Qc2 Nbd7 8. Bg5 h6 9. Bxf6 Nxf6 10. Nbd2 b6 11. e4 dxe4 12. Nxe4 Nxe4 13. Qxe4 Bb7 14. Ne5 Bxe5 15. dxe5 Qc7 16. Rfd1 Rab8 17. c5 bxc5 18. Rd6 c4 19. Qxc4 c5 20. b3 Bxg2 21. Kxg2 Rb4 22. Qc3 Rc8 23. Rc1 a5 24. Kg1 Qb8 25. Qd3 Qc7 26. Rd7 Qxe5 27. Rxf7 Kxf7 28. Qd7+ Kg6 29. Qxc8 Re4 30. Qxc5 Re1+ 31. Kg2 Qe4+ 32. Kh3 Rxc1 33. Qxc1 e5 34. Qe3 Qf5+ 35. Kg2 Qe6 36. Qe4+ Kf6 37. h4 g6 38. Qa8 Kf7 39. Qxa5 Qc6+ 40. Kh2 Qc2 41. Qa7+ Kf6 42. b4 Qb2 43. Qb6+ Kf5 44. a4 e4 45. a5 e3 46. Qxe3 Qxb4 47. Qf4+ Qxf4 48. gxf4 Kxf4 49. a6 Kf3 50. a7 Kxf2 51. a8Q g5 52. Qg2+ Ke3 53. h5 Kf4 54. Qc6 g4 55. Qxh6+ Kf3 56. Qf6+ Ke3 57. h6 g3+ 58. Kxg3 Ke4 59. h7 Ke3 60. h8Q Ke4 61. Qe8+ Kd5 62. Qfd8+ Kc5 63. Qe5+ Kb4 64. Qdd4+ Kb3 65. Qee3+ Kc2 66. Qdd2+ Kb1 67. Qee1# 1-0